LE BANQUET PHEDRE (Record no. 59801)
[ view plain ]
| 000 -LEADER | |
|---|---|
| fixed length control field | 00304nam a22001457a 4500 |
| 008 - FIXED-LENGTH DATA ELEMENTS--GENERAL INFORMATION | |
| fixed length control field | 230524b ||||| |||| 00| 0 eng d |
| 020 ## - INTERNATIONAL STANDARD BOOK NUMBER | |
| International Standard Book Number | 9782080700049 |
| 041 ## - LANGUAGE CODE | |
| Language code of text/sound track or separate title | FRA |
| 080 ## - UNIVERSAL DECIMAL CLASSIFICATION NUMBER | |
| Universal Decimal Classification number | 82 |
| 082 ## - DEWEY DECIMAL CLASSIFICATION NUMBER | |
| Classification number | 82PLA |
| 100 ## - Rafti | |
| Rafti | 38 |
| 101 ## - Shkurtesa | |
| Shkurtesa | GJL |
| 245 ## - TITLE STATEMENT | |
| Title | LE BANQUET PHEDRE |
| Statement of responsibility, etc | PALTON |
| 942 ## - ADDED ENTRY ELEMENTS (KOHA) | |
| Source of classification or shelving scheme | |
| Item type | Books |
| Withdrawn status | Lost status | Source of classification or shelving scheme | Damaged status | Not for loan | Collection code | Permanent location | Current location | Date acquired | Total Checkouts | Full call number | Barcode | Date last seen | Price effective from | Koha item type |
|---|---|---|---|---|---|---|---|---|---|---|---|---|---|---|
| Koleksioni i përgjithshem | UBT - Lipjan | UBT - Lipjan | 05/24/2023 | 82PLA | 002-800080349 | 05/24/2023 | 05/24/2023 | Books | ||||||
| Koleksioni i përgjithshem | UBT - Lipjan | UBT - Lipjan | 05/24/2023 | 82PLA | 002-800080350 | 05/24/2023 | 05/24/2023 | Books | ||||||
| Koleksioni i përgjithshem | UBT - Lipjan | UBT - Lipjan | 05/24/2023 | 82PLA | 002-800080351 | 05/24/2023 | 05/24/2023 | Books | ||||||
| Koleksioni i përgjithshem | UBT - Lipjan | UBT - Lipjan | 05/24/2023 | 82PLA | 002-800080352 | 05/24/2023 | 05/24/2023 | Books | ||||||
| Koleksioni i përgjithshem | UBT - Lipjan | UBT - Lipjan | 05/24/2023 | 82PLA | 002-800080353 | 05/24/2023 | 05/24/2023 | Books | ||||||
| Koleksioni i përgjithshem | UBT - Lipjan | UBT - Lipjan | 05/24/2023 | 82PLA | 002-800080354 | 05/24/2023 | 05/24/2023 | Books | ||||||
| Koleksioni i përgjithshem | UBT - Lipjan | UBT - Lipjan | 05/24/2023 | 82PLA | 002-800080355 | 05/24/2023 | 05/24/2023 | Books | ||||||
| Koleksioni i përgjithshem | UBT - Lipjan | UBT - Lipjan | 05/24/2023 | 82PLA | 002-800080356 | 05/24/2023 | 05/24/2023 | Books |